| 000 | 00711na a2200253 4500 | ||
|---|---|---|---|
| 001 | 15464 | ||
| 003 | MIRAKIL | ||
| 005 | 20181213154756.0 | ||
| 008 | 161019b tu 000 0 | ||
| 035 | _a14074 | ||
| 040 |
_aMilas _btur _cTR-AnCHP |
||
| 041 | _atur | ||
| 082 |
_a817.317 _bA49m [t.y.] |
||
| 090 | _a817.317 A49m [t.y.] | ||
| 100 | _aAkyol, Mete | ||
| 245 |
_a"Mevzuat böyle efendim..." _cMete Akyol ; karikatürler Turhan Selçuk |
||
| 260 |
_a[İstanbul] _bMilliyet Yayınları _c[t.y.] |
||
| 300 |
_a269 s. _bkarikatür _c19 sm. |
||
| 650 |
_aBürokrasi _yEleştiriler _zTürkiye |
||
| 650 |
_aTürkçe _xMizah |
||
| 650 |
_aTürkçe _xHiciv |
||
| 700 | _aSelçuk, Turhan | ||
| 942 |
_2ddc _cBKS |
||
| 999 |
_c646 _d646 |
||